Impact of defence offsets on India's military industry capability and self- reliance: (Record no. 92714)

MARC details
000 -LEADER
fixed length control field 00876nam a22002177a 4500
005 - DATE AND TIME OF LATEST TRANSACTION
control field 20150519114006.0
010 ## - LCCN (DPL NO)
LC control number ENG-112570
020 ## - INTERNATIONAL STANDARD BOOK NUMBER
International Standard Book Number 9789381904084
Terms of availability 1395.00
035 ## - SYSTEM CONTROL NUMBER
System control number EN-96102
037 ## - SOURCE OF ACQUISITION
Source of stock number/acquisition DBAD/PUB
082 ## - DEWEY DECIMAL CLASSIFICATION NUMBER
Classification number 338.4762340954
100 ## - MAIN ENTRY--PERSONAL NAME
Personal name Misra, S.N.
245 00 - TITLE STATEMENT
Title Impact of defence offsets on India's military industry capability and self- reliance:
Statement of responsibility, etc by S.N. Misra ; foreworded by A.P.J. Abdul Kalam ; introduction by Jasjit Singh.
Remainder of title the road ahead /
260 ## - PUBLICATION, DISTRIBUTION, ETC. (IMPRINT)
Place of publication, distribution, etc New Delhi
Name of publisher, distributor, etc KW Publishers
Date of publication, distribution, etc 2012
270 ## - ADDRESS
Address 4676/21, First Floor, Ansari Road, Daryaganj,
City New Delhi
Postal code 110002
300 ## - PHYSICAL DESCRIPTION
Extent xxx,186p. :
Dimensions 24cm(Hb)
Other physical details ill.
500 ## - GENERAL NOTE
General note Includes bibliographical references (p. 173-184) and index.
650 ## - SUBJECT ADDED ENTRY--TOPICAL TERM
Topical term or geographic name as entry element Defense industries
Geographic subdivision India.
650 ## - SUBJECT ADDED ENTRY--TOPICAL TERM
Topical term or geographic name as entry element Military-industrial complex
Geographic subdivision India.
942 ## - ADDED ENTRY ELEMENTS (KOHA)
Source of classification or shelving scheme Dewey Decimal Classification
Item type English Books
Call number suffix MIS
Classification part 338.4762340954
Holdings
Withdrawn status Lost status Not for loan Collection code Home library Current library Date acquired Source of acquisition Cost, normal purchase price Full call number Barcode Copy number Cost, replacement price Koha item type
    Not For Loan Non-fiction D.B.Act.Division D.B.Act.Division 06/04/2015 DBAD/PUB 1395.00 338.4762340954 MIS EN-96102 1 1395.00 English Books

© Delhi Public Library
Hit Counter
free hit counter